| 000 | 00745nam a2200241 a 4500 | ||
|---|---|---|---|
| 003 | MX-MxUPN | ||
| 005 | 20240529114436.0 | ||
| 008 | 991125s1880 fr dr 000 0 fre d | ||
| 035 | _aUPN01000026413 | ||
| 040 |
_aMX-MxUPN _bspa _cMX-MxUPN |
||
| 041 | _afre | ||
| 050 | 1 | 4 |
_aPN6024 _bN63 |
| 100 | 1 |
_aNoel, François, _952087 _d1755-1841 |
|
| 100 | 1 |
_aChapsal, _cM. _952088 _q(Charles Pierre), _d1788-1858 |
|
| 245 | 1 | 0 | _aNouvelle grammaire française, sur un plan très-méthodique |
| 250 | _aCinquante-huitième édition | ||
| 260 |
_aParís : _bMaire-Nyon, _c1880. |
||
| 300 | _a193 páginas | ||
| 650 | 4 |
_aFrancés _914029 _xGramática _xEstudio y enseñanza |
|
| 902 | _bMaríaRobles/290524 | ||
| 905 | _aLibro | ||
| 942 |
_2lcc _cLIBRO _n0 |
||
| 999 |
_c26413 _d26413 |
||